000 00767nam a22001817a 4500
003 UA-OsUOA
001 16058
007 ta
008 20031218b un ||||| |||| 00| 0 ukr d
100 _aБасараба В.
942 _cSA
040 _aUA-OsUOA
_cUA-OsUOA
_dUA-OsUOA
245 _aДосягнуто багато , але основна робота ще попереду
_b[Учасники виїзн. засід. колегії облдержадміністрації знайомились з роботою культ.-дозвіл. комплексу у Володимирец.р-ні]
300 _aС.1,5
955 _a0
773 0 _w0
_tВільне слово
_dРівне
_d2003
_g№99/12 груд./
650 7 _aКраєзнавча робота
_2UDC
999 _c302223
_d302223